Fracture of brittle, disordered materials : (Record no. 9288)
[ view plain ]
| 000 -LEADER | |
|---|---|
| fixed length control field | 00724nac a22001811u 4500 |
| 020 ## - INTERNATIONAL STANDARD BOOK NUMBER | |
| International Standard Book Number | 0419190503 |
| 082 ## - DEWEY DECIMAL CLASSIFICATION NUMBER | |
| Classification number | 620.1126 |
| Item number | FRA |
| 090 ## - LOCALLY ASSIGNED LC-TYPE CALL NUMBER (OCLC); LOCAL CALL NUMBER (OCLC) | |
| -- | 9288 |
| -- | 9288 |
| 100 ## - MAIN ENTRY--PERSONAL NAME | |
| Personal name | 20080729 |
| 111 ## - MAIN ENTRY--MEETING NAME | |
| Meeting name or jurisdiction name as entry element | Symposium on fracture of brittle, disordered materials |
| Location of meeting | The university of Queensland, Brisbane, Australia |
| Date of meeting | 20-24 September 1993 |
| 245 ## - TITLE STATEMENT | |
| Title | Fracture of brittle, disordered materials : |
| Remainder of title | concrete, rock and ceramics/ |
| Statement of responsibility, etc | edited by G. Baker and B. L. Karihaloo |
| 260 ## - PUBLICATION, DISTRIBUTION, ETC. (IMPRINT) | |
| Place of publication, distribution, etc | London : |
| Name of publisher, distributor, etc | E & FN Spon, 1995. |
| Date of publication, distribution, etc | 1995 |
| 300 ## - PHYSICAL DESCRIPTION | |
| Extent | 580p.: |
| Other physical details | ill.; |
| Dimensions | 23 cm. |
| 500 ## - GENERAL NOTE | |
| General note | distributer: Al-Ahram |
| 511 ## - PARTICIPANT OR PERFORMER NOTE | |
| Participant or performer note | catalogued by: wessam |
| 650 ## - SUBJECT ADDED ENTRY--TOPICAL TERM | |
| Topical term or geographic name as entry element | fracture mechanics |
| 942 ## - ADDED ENTRY ELEMENTS (KOHA) | |
| Item type | Book - Borrowing |
| Call number prefix | 620.1126FRA |
| Withdrawn status | Item status | Damaged status | Not for loan | Home library | Current library | Shelving location | Date acquired | Source of acquisition | Total Checkouts | Full call number | Barcode | Date last seen | Koha item type |
|---|---|---|---|---|---|---|---|---|---|---|---|---|---|
| Central Library | Central Library | First floor | 29/04/2008 | Purchase | 620.1126FRA | 000011303 | 15/07/2025 | Book - Borrowing |